000 00788nam a2200205 i 4500
001 170832
003 ES-MaACL
005 20250808062747.0
008 090408s1955 sp |||| | spa d
100 0 _aJuan Crisóstomo
_cSanto.
_9139759
245 1 0 _aObras de San Juan Crisóstomo.
_nI,
_pHomilías sobre el Evangelio de San Mateo (1-45) /
_cprólogo, texto griego, versión española y notas de Daniel Ruiz Bueno.
260 _aMadrid :
_bLa Editorial Católica,
_c1955.
300 _aXX, 864 p. ;
_c20 cm.
490 1 _aBiblioteca de autores cristianos ;
_v141
546 _aTexto en griego y traducción en español.
700 0 _aRuiz Bueno, Daniel.
_9100677
830 0 0 _aBiblioteca de autores cristianos
_v141
_9178679
852 _aES-MaACL
_jJ-139
999 _c170832
_d170832